| 000 | 00474nam a22001577a 4500 | ||
|---|---|---|---|
| 005 | 20231127065033.0 | ||
| 008 | 231127b |||||||| |||| 00| 0 eng d | ||
| 041 | _aEnglish | ||
| 082 | _a340.5 CLA | ||
| 100 |
_aClark, EC _lEnglish |
||
| 245 |
_aEarly Roman Law : _bThe Regal Period / _cEC Clark |
||
| 260 |
_aLondon : _bMacmillan and Co. _c1872 |
||
| 300 |
_bv, 151 pages ; _c20 cm. |
||
| 650 |
_aLegal practice _bLaw |
||
| 942 |
_cBK _6ALISON_BN_VRIES |
||
| 999 |
_c959 _d959 |
||